Syndróm spánkového apnoe a artériová hypertenzia

Bibliographic Details
Main Authors: Mucska, I. (Author), Bulas, Jozef, 1951- (Author), Reptová, Adriana, 1972- (Author)
Format: Article
Language:Slovak
ISSN:1210-0048
Subjects:

MARC

LEADER 00000nab a2200000 a 4500
001 vtls000768568
003 SK-MaSNL
005 20260304214814.0
008 141112c2001 xo 0 slo
015 |a SNBRB2001/10-28010 
035 |a CLN000120355 
040 |a SNKBUCL  |b slo  |c SNKBUCL  |e AACR2 
041 0 |a slo 
044 |a xo  |c SK 
080 |a 616.24-008.4:616.13-008.331.1  |2 1997 
080 |a 616.13-008.331.1  |2 1997 
080 |a 616.12-008.331.1  |2 1997 
100 1 |a Mucska, I.  |4 aut  |9 1172506 
245 1 0 |a Syndróm spánkového apnoe a artériová hypertenzia  |c I. Mucska, J. Bulas, A. Reptová 
610 2 7 |a Slovenská hypertenziologická spoločnosť  |x konferencie  |y 30.5.-1.6.2001  |2 SNK  |9 1112571 
650 0 7 |a hypertenzia  |2 SNKPH  |9 2490 
650 0 7 |a terapia  |2 SNKPH  |9 781 
650 0 7 |a syndróm spánkového apnoe  |2 SNK  |9 14088 
650 0 7 |a arteriálna hypertenzia  |2 SNKPH  |9 29016 
655 7 |a články z novín a časopisov  |2 SNK  |9 267496 
700 1 |a Bulas, Jozef,  |d 1951-  |4 aut  |9 8103 
700 1 |a Reptová, Adriana,  |d 1972-  |4 aut  |9 23323 
773 0 |t Kardiológia  |g Roč. 10, č. 4 (2001)  |x 1210-0048 
773 0 |t [Príl.] Informácie SKS, SHS a PSNK  |g S. K/C 5H  |x 1210-0048 
850 |a Slovenská národná knižnica v Martine 
852 |a SNK  |b KIS3GCP 
958 |a MI 
999 |c 3143350  |d 3145280